000 00618nam a2200229Ia 4500
003 GCL
008 140319s9999 xx 000 0 ara d
040 _aGCL /
_cGCL
082 0 4 _a257.1
_bم خ
100 1 _aمحمد رشيد رضا
245 1 0 _aالخلافة /
_cمحمد رشيد رضا
260 _a[S.N] :
_bالزهراء للاعلام العربى ،
_c1994
300 _a157 ص
490 _a
650 0 4 _aالاسلام
650 0 4 _aالخلافة
650 0 4 _aالاحكام
650 0 4 _aالديانات
650 0 4 _aالامامة
650 0 4 _aنظام الحكم
942 _2ddc
_cBK
999 _c29190
_d29190